000 003170000a22001450004500
003 MACL
040 _aMACL
090 _c32276
_d32274
100 _aJhabvala, Noshirvan H.
245 _aThe Indian Evidence Act 1999
260 _bC. jamnadas & Co
350 _a125
650 _aCrimnal law
942 _cBOOK
_k345/Jha
999 _c31947
_d31947